Physical chemistry / (Record no. 1805)
[ view plain ]
| 000 -LEADER | |
|---|---|
| fixed length control field | 00719cam a22002291 4500 |
| 001 - CONTROL NUMBER | |
| control field | 1223358 |
| 003 - CONTROL NUMBER IDENTIFIER | |
| control field | SEKU |
| 005 - DATE AND TIME OF LATEST TRANSACTION | |
| control field | 20140825155943.0 |
| 008 - FIXED-LENGTH DATA ELEMENTS--GENERAL INFORMATION | |
| fixed length control field | 720107s1964 nyua b 000 0 eng |
| 010 ## - LIBRARY OF CONGRESS CONTROL NUMBER | |
| LC control number | 63018624 |
| 040 ## - CATALOGING SOURCE | |
| Original cataloging agency | DLC |
| Transcribing agency | DLC |
| Modifying agency | DLC |
| -- | SEKU |
| 050 00 - LIBRARY OF CONGRESS CALL NUMBER | |
| Classification number | QD453 |
| Item number | .E36 1964 |
| 082 00 - DEWEY DECIMAL CLASSIFICATION NUMBER | |
| Classification number | 541 |
| 100 1# - MAIN ENTRY--PERSONAL NAME | |
| Personal name | Eggers, D. F. |
| Fuller form of name | (David Frank), |
| Titles and words associated with a name | Jr., |
| Dates associated with a name | 1922-1995. |
| 245 00 - TITLE STATEMENT | |
| Title | Physical chemistry / |
| Statement of responsibility, etc. | [by] D. F. Eggers [and others] |
| 260 ## - PUBLICATION, DISTRIBUTION, ETC. (IMPRINT) | |
| Place of publication, distribution, etc. | New York : |
| Name of publisher, distributor, etc. | Wiley, |
| Date of publication, distribution, etc. | [1964] |
| 300 ## - PHYSICAL DESCRIPTION | |
| Extent | x, 784 p. : |
| Other physical details | illus., diagrs. ; |
| Dimensions | 24 cm. |
| 500 ## - GENERAL NOTE | |
| General note | "Uncorrected page proof." |
| 504 ## - BIBLIOGRAPHY, ETC. NOTE | |
| Bibliography, etc | Includes bibliographies. |
| 650 #0 - SUBJECT ADDED ENTRY--TOPICAL TERM | |
| Topical term or geographic name as entry element | Chemistry, Physical and theoretical. |
| 942 ## - ADDED ENTRY ELEMENTS (KOHA) | |
| Source of classification or shelving scheme | Library of Congress Classification |
| Koha item type | General circulation |
| Classification part | QD453 |
| Item part | .E36 1964 |
| Withdrawn status | Lost status | Source of classification or shelving scheme | Damaged status | Not for loan | Home library | Current library | Date acquired | Cost, normal purchase price | Total Checkouts | Total Renewals | Full call number | Barcode | Date last seen | Date last checked out | Cost, replacement price | Price effective from | Koha item type | Public note |
|---|---|---|---|---|---|---|---|---|---|---|---|---|---|---|---|---|---|---|
| Library of Congress Classification | Main Campus Library | Main Campus Library | 25/08/2014 | 2523.00 | 3 | 1 | QD453 .E36 1964 | 2017/020438 | 28/03/2017 | 15/03/2017 | 3023.00 | 25/08/2014 | General circulation | Rono |